| 000 -LEADER |
| fixed length control field |
00434nam a22001577a 4500 |
| 005 - DATE AND TIME OF LATEST TRANSACTION |
| control field |
20240304111357.0 |
| 008 - FIXED-LENGTH DATA ELEMENTS--GENERAL INFORMATION |
| fixed length control field |
240304s1996 tu ||||| |||| 00| 0 tur d |
| 041 ## - LANGUAGE CODE |
| Language code of text/sound track or separate title |
tur |
| 080 ## - UNIVERSAL DECIMAL CLASSIFICATION NUMBER |
| Universal Decimal Classification number |
008(560) K-75 |
| 100 ## - MAIN ENTRY--PERSONAL NAME |
| Personal name |
Kormaz, Zeynep |
| 9 (RLIN) |
21305 |
| 245 ## - TITLE STATEMENT |
| Title |
Turk Kulturu Arastirmalari / |
| Statement of responsibility, etc. |
Zeynep Korkmaz. |
| 264 ## - PRODUCTION, PUBLICATION, DISTRIBUTION, MANUFACTURE, AND COPYRIGHT NOTICE |
| Place of production, publication, distribution, manufacture |
Ankara, |
| Date of production, publication, distribution, manufacture, or copyright notice |
1996. |
| 300 ## - PHYSICAL DESCRIPTION |
| Extent |
420 p. |
| Other physical details |
24 cm. |
| 653 ## - INDEX TERM--UNCONTROLLED |
| keyword |
თურქული კულტურა |
| 942 ## - ADDED ENTRY ELEMENTS (KOHA) |
| Source of classification or shelving scheme |
|
| Koha item type |
წიგნი |